Popelka /

Hlavní autor: Junek, Václav, 1913-1976
Další autoři: Kondelík, Zdeněk, 1928-
Jazyk: Čeština
Vydáno: Praha : Panorama, 1978
Vydání: 1. vyd.
Edice: Plastické leporelo
Témata:
Fyzický popis: Nestr.
Knihy
Uloženo v:
LEADER 00879nam a22002652a 4500
001 000427917
003 CZ BrMZK
005 19990307143423.0
008 990307s1978 xr f cze d
015 |a cnb000392633 
035 |a (OCoLC)40080055 
040 |a BOA001  |b cze 
100 1 |a Junek, Václav,  |d 1913-1976  |7 jk01052158 
245 1 0 |a Popelka /  |c na motivy lidové pohádky napsal Václav Junek ; ilustroval Zdeněk Kondelík 
250 |a 1. vyd. 
260 |a Praha :  |b Panorama,  |c 1978 
300 |a Nestr. 
490 1 |a Plastické leporelo 
700 1 |a Kondelík, Zdeněk,  |d 1928-  |7 jx20041015029 
830 0 |a Plastické leporelo 
910 |a BOA001  |b PK-0084.243 
964 |a Vystřihovánky plastické 
964 |a Popelka - vystřihovánky plastické 
990 |a BK 
996 7 |b 3119826611  |c PK-0084.243  |l MZK  |r Sklad / do 1 hodiny  |n 4  |w 000427917  |u 000010  |a 1  |e BOA001  |j MZK50  |s A